Countries by Landscape - Statistics

General Stats
  • This quiz has been taken 30 times
  • The average score is 12 of 24
Answer Stats
Picture Answer % Correct
United States
91%
Peru
86%
Italy
77%
Tanzania
77%
Norway
73%
Australia
68%
China
68%
Vietnam
68%
France
64%
United Arab Emirates
64%
South Africa
59%
Turkey
59%
Canada
50%
Switzerland
50%
Bolivia
45%
Argentina
41%
Chile
36%
Iceland
36%
Nepal
23%
Indonesia
18%
New Zealand
18%
Colombia
14%
Finland
14%
Brazil
5%
No matching quizzes found
Score Distribution
Percent of People with Each Score
Percentile by Number Answered
Your Score History
You have not taken this quiz